Green Bay Packers Championships - Statistics

General Stats
  • This quiz has been taken 42 times
  • The average score is 11 of 13
Answer Stats
Hint Answer % Correct
#13 2010
97%
#12 1996
94%
#11 1967
91%
#3 1931
86%
#4 1936
86%
#5 1939
86%
#6 1944
86%
#7 1961
86%
#8 1962
86%
#10 1966
86%
#1 1929
83%
#2 1930
83%
#9 1965
83%
No matching quizzes found
Score Distribution
Percent of People with Each Score
Percentile by Number Answered
Your Score History
You have not taken this quiz